|
|
|
|
| LEADER |
00000nas a2200000 i 4500 |
| 001 |
ssj0012146 |
| 003 |
WaSeSS |
| 005 |
20200512172242.0 |
| 006 |
m d |
| 007 |
cr n |
| 008 |
010305c19829999utufr pss 0 a0eng c |
| 010 |
|
|
|a 2001227164
|
| 015 |
|
|
|a GBB784595
|2 bnb
|
| 016 |
7 |
|
|a 021490600
|2 DE-101
|
| 016 |
7 |
|
|a 2040372-0
|2 DE-600
|
| 016 |
7 |
|
|a 8800535
|2 DNLM
|
| 016 |
7 |
|
|a SR0056448
|2 DNLM
|
| 016 |
7 |
|
|a 012919786
|2 Uk
|
| 022 |
|
|
|a 1471-5457
|l 0730-9384
|y 0730-9384
|
| 035 |
|
|
|a (WaSeSS)ssj0012146
|
| 037 |
|
|
|b Association for Politics and the Life Sciences, Political Science Department, Utah State University, Logan, UT 84322-0725 USA
|
| 040 |
|
|
|a EXW
|b eng
|e pn
|c EXW
|d EYM
|d OCLCQ
|d BIK
|d MUQ
|d EYM
|d AGL
|d OCLCQ
|d GBVCP
|d OCLCQ
|d OCLCF
|d UMC
|d FIE
|d OCLCE
|d AU@
|d OCLCO
|d VT2
|d DLC
|d EUW
|d OCLCQ
|d DEBBG
|d WT2
|d OCLCO
|d ZAC
|d OCLCA
|d NLE
|d OCLCA
|d U3W
|d GILDS
|d OCLCO
|d OCLCQ
|d DKU
|d OCLCO
|d UKMGB
|d OCLCA
|d TKN
|d OCLCQ
|d OCLCO
|d OCLCA
|d WaSeSS
|
| 042 |
|
|
|a pcc
|a dlr
|a nsdp
|
| 050 |
1 |
4 |
|a JA80
|b .P64
|
| 060 |
0 |
0 |
|a W1
|b PO242H
|
| 070 |
0 |
|
|a JA80
|b .P65
|
| 072 |
|
0 |
|a X840
|
| 222 |
|
0 |
|a Politics and the life sciences
|b (Online)
|
| 245 |
0 |
0 |
|a Politics and the life sciences
|h [electronic resource].
|
| 246 |
1 |
|
|i At head of title, Feb. 1992-:
|a PLS
|
| 260 |
|
|
|a DeKalb, Illinois :
|b Association for Politics and the Life Sciences,
|c [1982]-
|
| 310 |
|
|
|a Semiannual
|
| 362 |
1 |
|
|a Began with Volume 1, number 1 (July 1982).
|
| 500 |
|
|
|a Imprint varies: Guildford, Surrey, Great Britain : Beech Tree Pub., Feb. 1992-Mar. 2000; College Park, MD : Association for Politics and the Life Sciences, Sept. 2000-
|
| 506 |
|
|
|a License restrictions may limit access.
|
| 515 |
|
|
|a Vol. 10 for 1991 has only 1 issue.
|
| 538 |
|
|
|a Master and use copy. Digital master created according to Benchmark for Faithful Digital Reproductions of Monographs and Serials, Version 1. Digital Library Federation, December 2002.
|u http://purl.oclc.org/DLF/benchrepro0212
|5 MiAaHDL
|
| 550 |
|
|
|a Official publication of the Association for Politics and the Life Sciences, 1982-
|
| 583 |
1 |
|
|a digitized
|c 2010
|h HathiTrust Digital Library
|l committed to preserve
|2 pda
|5 MiAaHDL
|
| 588 |
0 |
|
|a Volume 1, number 1 (July 1982); title from PDF cover (JSTOR, viewed Oct. 9, 2008).
|
| 588 |
1 |
|
|a Vol. 26, no. 2 (September 2007) (JSTOR, viewed April 23, 2014).
|
| 650 |
|
0 |
|a Biopolitics
|v Periodicals.
|
| 650 |
|
2 |
|a Behavior.
|
| 650 |
|
2 |
|a Biology.
|
| 650 |
|
2 |
|a Politics.
|
| 650 |
|
6 |
|a Biopolitique
|v Périodiques.
|
| 650 |
|
7 |
|a Biopolitics.
|2 fast
|0 (OCoLC)fst00832668
|
| 655 |
|
0 |
|a Electronic journals.
|
| 710 |
2 |
|
|a Association for Politics and the Life Sciences (U.S.)
|
| 776 |
0 |
8 |
|i Print version:
|t Politics and the life sciences
|x 0730-9384
|w (DLC) 83640152
|w (OCoLC)8123994
|
| 856 |
4 |
0 |
|z Full text available from Research Library: 04/01/2016 to 1 year ago
|u https://search.proquest.com/publication/11097
|